Faculty of Law Library — Cairo University

Official Online Catalog

Les Protocoles Additionnels Aux Conventions De Genève Du 12 Août 1949 Et Les Résolutions De La Conférence Diplomatique / (Record no. 66476)

MARC details
000 -LEADER
fixed length control field 01046nam a2200277 i 4500
003 - CONTROL NUMBER IDENTIFIER
control field EG-GICUC
005 - DATE AND TIME OF LATEST TRANSACTION
control field 20260321165357.0
008 - FIXED-LENGTH DATA ELEMENTS--GENERAL INFORMATION
fixed length control field 260321s1977 sz ||||fr|||| 00| 0 fre d
040 ## - CATALOGING SOURCE
Original cataloging agency EG-GiCUC
Language of cataloging fre
Transcribing agency EG-GiCUC
Modifying agency EG-GiCUC
Description conventions Rda
082 04 - DEWEY DECIMAL CLASSIFICATION NUMBER
Edition number 21
Classification number 341.65
Item number CO . P
092 04 - LOCALLY ASSIGNED DEWEY CALL NUMBER (OCLC)
Edition number 21
099 ## - LOCAL FREE-TEXT CALL NUMBER (OCLC)
Classification number Law1 11 341.65 CO . P 1977
110 ## - MAIN ENTRY--CORPORATE NAME
Corporate name or jurisdiction name as entry element Comité International De La Croix-Rouge
Relator term Auteur
245 ## - TITLE STATEMENT
Title Les Protocoles Additionnels Aux Conventions De Genève Du 12 Août 1949 Et Les Résolutions De La Conférence Diplomatique /
Statement of responsibility, etc. Comité International De La Croix-Rouge .
264 #1 - PRODUCTION, PUBLICATION, DISTRIBUTION, MANUFACTURE, AND COPYRIGHT NOTICE
Place of production, publication, distribution, manufacture Genéve :
Name of producer, publisher, distributor, manufacturer Comité International De La Croix-Rouge ,
Date of production, publication, distribution, manufacture, or copyright notice 1977 .
300 ## - PHYSICAL DESCRIPTION
Extent 136 page ;
Dimensions 24 cm.
336 ## - CONTENT TYPE
Source rda contenu
Content type term texte
337 ## - MEDIA TYPE
Source rda medias
Media type term Ordinateur
338 ## - CARRIER TYPE
Source transporteur rda
Carrier type term Ressource en ligne
546 ## - LANGUAGE NOTE
Language note Texte en français
650 ## - SUBJECT ADDED ENTRY--TOPICAL TERM
Topical term or geographic name entry element Droit International Public
650 ## - SUBJECT ADDED ENTRY--TOPICAL TERM
Topical term or geographic name entry element Organisation de la Croix-Rouge
856 40 - ELECTRONIC LOCATION AND ACCESS
Uniform Resource Identifier <a href="https://fll.law.cu.edu.eg/fulltext/bks/B11-06066.pdf">https://fll.law.cu.edu.eg/fulltext/bks/B11-06066.pdf</a>
905 ## - Cataloger and Reviser Names
Cataloger Name: Logain Ashraf
942 ## - ADDED ENTRY ELEMENTS (KOHA)
Source of classification or shelving scheme Dewey Decimal Classification
Suppress in OPAC No
Koha item type Books
Edition 21
Holdings
Withdrawn status Lost status Source of classification or shelving scheme Damaged status Not for loan Collection Home library Current library Date acquired Total checkouts Full call number Barcode Date last seen Copy number Price effective from Koha item type
    Dewey Decimal Classification   Not for loan القانون الدولي العام جــــامعة القــاهرة مكتبة كلية الحقوق - المبنى الرئيسي 21.03.2026   Law1 11 341.65 CO . P 1977 1106066 C1 B11-06066 21.03.2026 1 21.03.2026 Books

© All rights reserved — Faculty of Law, Cairo University